ACC Championship Matchups - Easy Mode - Statistics

General Stats
  • This quiz has been taken 31 times
  • The average score is 37 of 40
Answer Stats
Hint Ranking (If Any) Answer % Correct
2009 25 Clemson
100%
2011 21 Clemson
100%
2015 1 Clemson
100%
2016 3 Clemson
100%
2017 1 Clemson
100%
2018 2 Clemson
100%
2019 3 Clemson
100%
2020 3 Clemson
100%
2022 9 Clemson
100%
2024 17 Clemson
100%
2007 12 Boston College
95%
2008 18 Boston College
95%
2006 23 Georgia Tech
95%
2009 12 Georgia Tech
95%
2012 Georgia Tech
95%
2014 12 Georgia Tech
95%
2017 7 Miami
95%
2018 Pittsburgh
95%
2021 15 Pittsburgh
95%
2013 20 Duke
91%
2005 22 Florida State
91%
2010 20 Florida State
91%
2012 13 Florida State
91%
2013 1 Florida State
91%
2014 2 Florida State
91%
2023 4 Florida State
91%
2023 14 Louisville
86%
2024 8 SMU
86%
2019 22 Virginia
86%
2005 5 Virginia Tech
86%
2007 6 Virginia Tech
86%
2008 25 Virginia Tech
86%
2010 12 Virginia Tech
86%
2011 5 Virginia Tech
86%
2016 19 Virginia Tech
86%
2006 16 Wake Forest
86%
2021 16 Wake Forest
86%
2015 8 North Carolina
82%
2022 23 North Carolina
82%
2020 2 Notre Dame
68%
No matching quizzes found
Score Distribution
Percent of People with Each Score
Percentile by Number Answered
Your Score History
You have not taken this quiz